| 000 | 01134cam a22003255i 4500 | ||
|---|---|---|---|
| 001 | 015720065 | ||
| 003 | EG-ScBUE | ||
| 005 | 20250303103904.0 | ||
| 008 | 101216t2011 nyua f 001 0 eng d | ||
| 020 | _a9780071755610 (pbk.) | ||
| 020 | _a0071755616 (pbk.) | ||
| 040 |
_aEG-ScBUE _beng _erda _cEG-ScBUE _dEG-ScBUE |
||
| 082 | 0 | 4 |
_a519.2076 _bLIP _222 |
| 100 | 1 |
_aLipschutz, Seymour, _92663 _eauthor. |
|
| 245 | 1 | 0 |
_aSchaum's outlines probability / _cSeymour Lipschutz, Ph.D., Professor of Mathematics, Temple University, Marc Lipson, Ph.D., University of Virginia. |
| 250 | _aSecond edition. | ||
| 264 | 1 |
_aNew York : _bMcGraw-Hill, _c[2011] |
|
| 264 | 4 | _cc2011 | |
| 300 |
_avi, 311 pages : _billustrations ; _c28 cm. |
||
| 336 |
_2rdacontent _atext _btxt |
||
| 337 |
_aunmediated _2rdamedia _bn |
||
| 338 |
_avolume _bnc _2rdacarrier |
||
| 490 | 0 | _aSchaum’s outline series | |
| 500 | _aIncludes index. | ||
| 650 | 7 |
_aProbabilities _vProblems, exercises, etc. _2BUEsh _941266 |
|
| 655 | _vReading book | ||
| 700 | 1 |
_aLipson, Marc, _941319 _eauthor. |
|
| 942 |
_2ddc _cBB |
||
| 999 |
_c22451 _d22423 |
||